00417nam a2200121Ia 4500008004100000100002200041245009000063260002900153300000800182942000700190999001500197952008300212201217s9999 xx 000 0 und d aGuzzo, Richard A. 0aImproving group decision making in organizations: Approaches from theory and research aNew YorkbAcademic Press a160 cBK c7959d7959 00104070aCLd2020-12-17o658.4036 G993pPM03199r2020-12-17w2020-12-17yBK